O novo amigo de Bola de Neve (Registo nº 4580)
[ vista simples ]
| 000 -Etiqueta do registo | |
|---|---|
| Cabeçalho | 00634nam0a2200217 4500 |
| 005 - Identificador da versão | |
| Campo de controlo | 20240813122105.0 |
| 010 ## - Número internacional normalizado dos livros (ISBN) | |
| Número (ISBN) | 9727124119 |
| 100 ## - Dados gerais de processamento | |
| Dados gerais de processamento | 20170210d2005 a y0pory5003 ba |
| 102 ## - Pais de publicação ou produção | |
| País de publicação | Portugal |
| 101 1# - Língua de publicação | |
| Língua do texto, banda sonora, etc. | Português |
| Língua do documento no original | Inglês |
| 215 ## - Descrição física | |
| Indicação específica da natureza do documento e extensão da espécie | [10] p. |
| Outras indicações físicas | todo il. color |
| 200 1# - Titulo e menção de responsabilidade | |
| Título próprio | O novo amigo de Bola de Neve |
| Primeira menção de responsabilidade | tradução e adaptação de Vítor da Rocha |
| 210 ## - Publicação, Distribuição, etc. | |
| Lugar da edição, distribuição, etc. | Maia |
| Nome do editor, distribuidor, etc. | Ed. Nova Gaia |
| Data da publicação, distribuição, etc. | cop. 2005 |
| 606 ## - Nome comum usado como assunto | |
| Número de registo de entrada de autoridade | 0001374 |
| Palavra de ordem | Literatura inglesa |
| Subdivisão de assunto | Conto |
| Código do sistema | CA |
| 675 ## - Classificação Decimal Universal (CDU) | |
| Notação | 821.111-34 |
| Edição | 3ª ed. |
| Língua da edição | por |
| 702 #1 - Nome de autor-pessoa física (responsabilidade secundária) | |
| Número de registo de entrada de autoridade | 0000828 |
| Palavra de ordem | Rocha |
| Outra parte do nome não tomada para palavra de ordem | Vítor da |
| Código de função | Adaptador |
| -- | Tradutor |
| 966 ## - Identificação da Biblioteca | |
| Sigla | EBVEN |
| 942 ## - Elementos de entrada adicionados (Koha) | |
| Tipo de item no Koha | Livro |
| Situação do levantamento | Origin of item (home branch) (coded) | Biblioteca de empréstimo | Código de barras | Cota | Circulation type (not for loan) | Tipo de documento | Nota do exemplar | Damaged status |
|---|---|---|---|---|---|---|---|---|
| Biblioteca Escolar das Vendas | Biblioteca Escolar das Vendas | BEV1143 | 8EST NOV | Livro | Sem mensagem |
